000 00520nam a2200169 i 4500
001 29989
003 ES-MaACL
005 20230906154124.0
007 t|
008 030123s1919 bo ||||1| spa d
100 1 _aBarreto, José María.
_925954
245 1 0 _aSin réplica
_b: (cartas diplomática) /
_cJosé-María Barreto.
260 _aLa Paz (Bolivia) :
_b[s.n.],
_c1919.
300 _aII, 66 p. ;
_c21 cm.
651 4 _aPerú-
_xRelaciones-
_zChile.
_9161189
852 _aES-MaACL
_j1577-F-15
_z.- Ded. ms. del autor
999 _c29989
_d29989